[Event "MCR mladeze 2014, D12"]
[Site "Kouty nad Desnou"]
[Date "2014.03.15"]
[Round "9"]
[White "Markova, Kristyna"]
[Black "Solcova, Andrea"]
[Result "1-0"]
[WhiteElo "1397"]
[BlackElo "1260"]
[PlyCount "50"]
[EventDate "2014.03.08"]

1. e4 d5 2. exd5 Nf6 3. Nf3 Nxd5 4. d4 Bg4 5. Bc4 c6 6. Nc3 e6
7. Bd2 b5 8. Nxd5 exd5 9. Bd3 Bd6 10. O-O O-O 11. Bxh7+ Kh8 12. Bd3 Qf6 13. c3
Nd7 14. h3 Bxf3 15. Qxf3 Qxf3 16. gxf3 Rae8 17. Kh1 a5 18. Rg1 Rg8 19. Rg4 Be7
20. Re1 Bd8 21. Reg1 g6 22. f4 Nf6 23. f5 gxf5 24. Bxf5 Rxg4 25. hxg4 Ng8 {
necitelny zapis} 1-0

[Event "MCR mladeze 2014, D12"]
[Site "Kouty nad Desnou"]
[Date "2014.03.15"]
[Round "9"]
[White "Schwarzova, Natalie"]
[Black "Vilimova, Julie"]
[Result "0-1"]
[WhiteElo "1072"]
[BlackElo "1567"]
[PlyCount "80"]
[EventDate "2014.03.08"]

1. e4 c5 2. Nf3 Nc6 3. Bb5 g6 4. Bxc6 dxc6 5. h3 Bg7 6. O-O Nf6 7. Nc3 O-O 8.
d3 Be6 9. Be3 b6 10. Qd2 Qd7 11. Nh2 Rad8 12. Bh6 c4 13. Bxg7 Kxg7 14. Rad1
cxd3 15. Qxd3 Qxd3 16. Rxd3 Bc4 17. Rxd8 Rxd8 18. Re1 Rd2 19. Rc1 Rd8 20. b3
Be6 21. Nf3 a5 22. a4 c5 23. Ne5 Rc8 24. Rd1 c4 25. bxc4 Bxc4 26. Nxc4 Rxc4 27.
Rd3 Nxe4 28. Nxe4 Rxe4 29. Ra3 Re1+ 30. Kh2 Re2 31. Re3 Rxe3 32. fxe3 Kf6 33.
Kg1 Ke5 34. Kf2 Kd5 35. Ke2 Kc4 36. Kd1 Kb4 37. Kc1 Kxa4 38. Kb1 Kb4 39. Kb2 a4
40. c3+ Kc4 0-1

[Event "MCR mladeze 2014, D12"]
[Site "Kouty nad Desnou"]
[Date "2014.03.15"]
[Round "9"]
[White "Janotkova, Katerina"]
[Black "Jordova, Zdenka"]
[Result "0-1"]
[WhiteElo "1023"]
[BlackElo "1050"]
[PlyCount "44"]
[EventDate "2014.03.08"]

1. e4 c5 2. Nf3 d6 3. d4 cxd4 4. Nxd4 Nf6 5. Nc3 g6 6. Be3 Bg7 7. f3 O-O 8. g4
Nc6 9. Qd2 Ne5 10. h4 h5 11. gxh5 gxh5 12. Bh6 Bxh6 13. Qxh6 Re8 14. Qh8+ Kxh8
15. f4 Neg4 16. O-O-O Nf2 17. Be2 Nxh1 18. Rxh1 Qb6 19. Nf3 Rg8 20. Bc4 Qe3+
21. Nd2 Rg1+ 22. Rxg1 Qxg1+ 0-1

[Event "MCR mladeze 2014, D12"]
[Site "Kouty nad Desnou"]
[Date "2014.03.15"]
[Round "9"]
[White "Postranecka, Zuzana"]
[Black "Vaskova, Marie"]
[Result "1/2-1/2"]
[WhiteElo "1100"]
[BlackElo "1348"]
[PlyCount "117"]
[EventDate "2014.03.08"]

1. e4 e5 2. Nf3 Nc6 3. Bc4 Bc5 4. c3 Nf6 5. d4 exd4 6. cxd4 Bb4+ 7. Nc3 Nxe4 8.
O-O Bxc3 9. bxc3 d5 10. Bb5 O-O 11. c4 dxc4 12. Bxc4 Bg4 13. d5 Ne5 14. Be2
Bxf3 15. Bxf3 Nxf3+ 16. Qxf3 Qxd5 17. Bb2 Qd6 18. Rfe1 Rfe8 19. Rac1 c6 20.
Rcd1 Qg6 21. Qe3 f6 22. Qb3+ Qf7 23. Qxf7+ Kxf7 24. Rd7+ Kg6 25. Rxb7 a5 26.
Rc7 Ra6 27. f3 Nd6 28. Rxe8 Nxe8 29. Re7 Nd6 30. Re6 Nc4 31. Bc3 h5 32. g4 hxg4
33. fxg4 Kg5 34. h3 a4 35. Kg2 Kg6 36. Kg3 Kh7 37. Re4 Nb6 38. Rf4 Nd5 39. Rf3
Nxc3 40. Rxc3 g5 41. h4 gxh4+ 42. Kxh4 Kg6 43. Rf3 Ra5 44. Rc3 c5 45. Kg3 f5
46. gxf5+ Kxf5 47. Kf3 Ke5 48. Ke3 Kd5 49. Kd3 Rb5 50. Rc4 Rb4 51. Rxb4 cxb4
52. Kc2 Kd4 53. Kb2 Kc4 54. a3 b3 55. Kb1 Kd3 56. Kb2 Kd2 57. Kb1 Kc3 58. Ka1
b2+ 59. Kb1 1/2-1/2

[Event "MCR mladeze 2014, D12"]
[Site "Kouty nad Desnou"]
[Date "2014.03.15"]
[Round "9"]
[White "Lorencova, Michaela"]
[Black "Steiningerova, Jana"]
[Result "1-0"]
[WhiteElo "1256"]
[BlackElo "1083"]
[PlyCount "115"]
[EventDate "2014.03.08"]

1. e4 e5 2. Nf3 Nc6 3. Bc4 Nf6 4. d3 d5 5. exd5 Nxd5 6. Bd2 Be6 7. O-O Nd4 8.
Nxe5 Bd6 9. Nf3 Qf6 10. Nxd4 Qxd4 11. Nc3 Qe5 12. f4 Qf5 13. Nxd5 Bxd5 14. Bxd5
Qxd5 15. Qf3 Qxf3 16. Rxf3 O-O-O 17. Re1 Rhe8 18. Rff1 Bc5+ 19. Kh1 Rxe1 20.
Rxe1 b6 21. Bc3 Bd4 22. Bxd4 Rxd4 23. g3 Rd7 24. Kg2 Kb7 25. Kf2 Kc6 26. Re8 h5
27. Kf3 Kb5 28. g4 hxg4+ 29. Kxg4 Kc5 30. Kg5 Rd5+ 31. Kg4 a5 32. Re7 f5+ 33.
Kg5 Kd4 34. Rxc7 b5 35. Rxg7 b4 36. h4 a4 37. h5 b3 38. axb3 axb3 39. cxb3 Kxd3
40. h6 Ke4 41. h7 Rd1 42. h8=Q Rg1+ 43. Kf6 Rxg7 44. Qxg7 Kxf4 45. Qg5+ Ke4 46.
Qxf5+ Kd4 47. b4 Kc4 48. b3+ Kxb4 49. Qe4+ Kxb3 50. Qd4 Ka3 51. Qc4 Kb2 52. Qd3
Ka2 53. Qc3 Kb1 54. Qd2 Ka1 55. Ke5 Kb1 56. Kd4 Ka1 57. Kc3 Kb1 58. Qb2# 1-0

[Event "MCR mladeze 2014, D14"]
[Site "Kouty nad Desnou"]
[Date "2014.03.08"]
[Round "1"]
[White "Koci, Tereza"]
[Black "Nemcova, Kamila"]
[Result "0-1"]
[WhiteElo "1473"]
[BlackElo "1659"]
[PlyCount "54"]
[EventDate "2014.03.08"]

1. d4 d5 2. Nf3 Nf6 3. c4 c6 4. cxd5 cxd5 5. Nc3 Nc6 6. Bf4 Bf5 7. e3 a6 8. Bd3
Bxd3 9. Qxd3 e6 10. h3 Rc8 11. O-O Be7 12. a3 O-O 13. Rfc1 Na5 14. Nd2 Qd7 15.
b4 Nc4 16. Nxc4 Rxc4 17. Rc2 Rfc8 18. Rac1 Qc6 19. f3 b5 20. Bg3 a5 21. a4 axb4
22. axb5 Qb7 23. Na2 Qxb5 24. Rb1 Qa4 25. Rcb2 Rc2 26. Rxc2 Rxc2 27. Qd1 Rxa2
0-1

[Event "MCR mladeze 2014, D14"]
[Site "Kouty nad Desnou"]
[Date "2014.03.08"]
[Round "1"]
[White "Kopcova, Ludmila"]
[Black "Bierska, Adela"]
[Result "0-1"]
[WhiteElo "1618"]
[BlackElo "1472"]
[PlyCount "70"]
[EventDate "2014.03.08"]

1. e4 e5 2. Nf3 Nc6 3. Bb5 f5 4. d3 Nf6 5. Nc3 Bc5 6. Bc4 h6 7. a3 d6 8. Qe2
fxe4 9. dxe4 Bg4 10. Qd3 Qd7 11. Na4 Bd4 12. c3 Na5 13. cxd4 Bxf3 14. Qxf3 Nxc4
15. h3 exd4 16. O-O Ne5 17. Qd1 c5 18. f4 Nf7 19. e5 dxe5 20. fxe5 Ne4 21. Qf3
Nfg5 22. Bxg5 Nxg5 23. Qh5+ Kd8 24. Nxc5 Qd5 25. b4 Kc7 26. a4 Qxe5 27. Rae1
Nxh3+ 28. gxh3 Qxh5 29. Re7+ Kc6 30. Re6+ Kd5 31. Nd3 Kc4 32. Nf4 Qh4 33. Ree1
Rhf8 34. Rc1+ Kb3 35. Rf3+ Kxa4 0-1

[Event "MCR mladeze 2014, D14"]
[Site "Kouty nad Desnou"]
[Date "2014.03.08"]
[Round "1"]
[White "Vlkova, Anezka"]
[Black "Vitova, Anna"]
[Result "0-1"]
[WhiteElo "1440"]
[BlackElo "1575"]
[PlyCount "60"]
[EventDate "2014.03.08"]

1. e4 c5 2. Nc3 d6 3. g3 Nc6 4. Bg2 e6 5. f4 Nf6 6. Nf3 Be7 7. O-O O-O 8. d3 a6
9. h3 Qc7 10. Be3 Bd7 11. g4 Rfd8 12. f5 exf5 13. gxf5 b5 14. Kh1 b4 15. Ne2 d5
16. Nd2 dxe4 17. dxe4 Re8 18. Nc4 Rad8 19. Bf4 Qa7 20. Qe1 Nd4 21. Nxd4 cxd4
22. Bf3 Qc5 23. b3 Bf8 24. Bg5 Bxf5 25. Bxf6 gxf6 26. Qh4 Bg6 27. Qxf6 Bg7 28.
Qf4 d3 29. Rac1 dxc2 30. Rxc2 Qe7 {Necitelny zapis} 0-1

[Event "MCR mladeze 2014, D14"]
[Site "Kouty nad Desnou"]
[Date "2014.03.08"]
[Round "1"]
[White "Brunova, Blanka"]
[Black "Korenova, Magdalena"]
[Result "1-0"]
[WhiteElo "1568"]
[BlackElo "1400"]
[PlyCount "57"]
[EventDate "2014.03.08"]

1. e4 g6 2. d4 Bg7 3. Nf3 d6 4. Nc3 Nd7 5. Bg5 Ngf6 6. Bc4 O-O 7. Qd2 Re8 8.
O-O-O a6 9. Rhe1 b5 10. Bb3 b4 11. Nd5 a5 12. e5 Nxd5 13. Bxd5 Ra6 14. e6 fxe6
15. Rxe6 Kh8 16. Rde1 Nb6 17. Rxe7 Rxe7 18. Bxe7 Qd7 19. Be6 Qa4 20. Bb3 Qd7
21. Ng5 d5 22. Ne6 Qxe7 23. Nxg7 Qf7 24. Qg5 Nd7 25. Qd8+ Qf8 26. Re8 Kxg7 27.
Rxf8 Nxf8 28. Qxc8 c6 29. Qxa6 1-0

[Event "MCR mladeze 2014, D14"]
[Site "Kouty nad Desnou"]
[Date "2014.03.08"]
[Round "1"]
[White "Vrbova, Eva"]
[Black "Volaninova, Sarka"]
[Result "0-1"]
[WhiteElo "1357"]
[BlackElo "1556"]
[PlyCount "48"]
[EventDate "2014.03.08"]

1. e4 c5 2. Nf3 Nc6 3. d4 cxd4 4. Nxd4 g6 5. c4 Bg7 6. Be3 Nf6 7. Nc3 O-O 8.
Be2 d6 9. O-O Bd7 10. h3 Rc8 11. f4 Qb6 12. Qd2 Nxe4 13. Nxe4 Bxd4 14. Bxd4
Nxd4 15. Kh1 Nxe2 16. Qxe2 Qc6 17. b3 Bf5 18. Nc3 Bxh3 19. Nd5 Rfe8 20. gxh3 e6
21. Qf3 exd5 22. Qxd5 Qxd5+ 23. cxd5 Rc5 24. Rad1 Re2 0-1

[Event "MCR mladeze 2014, D14"]
[Site "Kouty nad Desnou"]
[Date "2014.03.08"]
[Round "1"]
[White "Masakova, Petra"]
[Black "Kalinova, Eliska"]
[Result "1/2-1/2"]
[WhiteElo "1553"]
[BlackElo "1312"]
[PlyCount "71"]
[EventDate "2014.03.08"]

1. d4 Nf6 2. Nf3 g6 3. e3 Bg7 4. c4 d6 5. Be2 O-O 6. Qb3 Re8 7. O-O Nbd7 8. Nc3
e5 9. Qc2 Rb8 10. b4 exd4 11. exd4 c5 12. a3 b6 13. Bf4 Ra8 14. Rad1 Bb7 15.
Bxd6 Be4 16. Qc1 Qc8 17. dxc5 bxc5 18. Rfe1 cxb4 19. axb4 Qb7 20. c5 Rad8 21.
b5 Nf8 22. c6 Qb6 23. Na4 Qa5 24. Qc4 Bxf3 25. gxf3 Rxd6 26. c7 Rxd1 27. Rxd1
Rc8 28. b6 axb6 29. Rd8 Rxc7 30. Qxc7 Qxa4 31. Qxb6 Qa1+ 32. Rd1 Qe5 33. Qa6
Qg5+ 34. Kh1 Nh5 35. Rg1 Qf4 36. Qd3 1/2-1/2

[Event "MCR mladeze 2014, D14"]
[Site "Kouty nad Desnou"]
[Date "2014.03.08"]
[Round "1"]
[White "Kralova, Josefina"]
[Black "Koucha, Maryam Amina"]
[Result "0-1"]
[WhiteElo "1551"]
[BlackElo "1527"]
[PlyCount "63"]
[EventDate "2014.03.08"]

1. e4 d5 2. exd5 Nf6 3. Bb5+ Bd7 4. Bc4 Bf5 5. Nc3 c6 6. dxc6
Nxc6 7. Nf3 e5 8. d3 Bb4 9. O-O O-O 10. h3 Qc7 11. Bg5 Be7 12. Re1 h6 13. Bh4
Rad8 14. Bg3 Bd6 15. Nb5 Qe7 16. Nxd6 Qxd6 17. Nxe5 Nxe5 18. Bxe5 Qc6 19. Qd2
Qxc4 20. Bxf6 gxf6 21. Qxh6 Qc6 22. Rac1 Rd5 23. Qe3 Bg6 24. h4 Kg7 25. Qf3 Bh5
26. Qg3+ Kh7 27. Re3 Rg8 28. Qh3 Bg4 29. Qh2 Rf5 30. Kf1 Qc5 31. Ke1 Qb4+ 32.
Kf1 Qd2 0-1

[Event "MCR mladeze 2014, D14"]
[Site "Kouty nad Desnou"]
[Date "2014.03.08"]
[Round "1"]
[White "Tumova, Anna"]
[Black "Kratochvilova, Kristyna"]
[Result "1-0"]
[WhiteElo "1496"]
[BlackElo "1461"]
[PlyCount "53"]
[EventDate "2014.03.08"]

1. e4 c6 2. d4 d5 3. exd5 cxd5 4. Bd3 Nc6 5. c3 Nf6 6. Bg5 e5 7. dxe5 Nxe5 8.
Qe2 Bd6 9. f4 Bg4 10. Nf3 O-O 11. fxe5 Re8 12. O-O Rxe5 13. Qd2 Bxf3 14. Rxf3
Rxg5 15. Qxg5 Qb6+ 16. Kh1 Qxb2 17. Qh4 Qxa1 18. Rxf6 gxf6 19. Qxh7+ Kf8 20.
Qh8+ Ke7 21. Qxa8 Qb2 22. Qxa7 Be5 23. Qa3+ Qxa3 24. Nxa3 Bxc3 25. Bf5 Kd6 26.
Nb5+ Kc5 27. Nxc3 1-0

[Event "MCR mladeze 2014, D14"]
[Site "Kouty nad Desnou"]
[Date "2014.03.08"]
[Round "1"]
[White "Dancakova, Klara"]
[Black "Zlamana, Anna"]
[Result "0-1"]
[WhiteElo "1209"]
[BlackElo "1489"]
[PlyCount "61"]
[EventDate "2014.03.08"]

1. e4 e5 2. f4 exf4 3. Nf3 Nf6 4. Nc3 Bb4 5. d3 O-O 6. Bxf4 d5 7. a3 Bxc3+ 8.
bxc3 dxe4 9. Ng5 exd3 10. Bxd3 Qe7+ 11. Qe2 Qxe2+ 12. Bxe2 h6 13. Nf3 Nd5 14.
Bd2 Bf5 15. c4 Nf6 16. Nd4 Be4 17. Rg1 Nbd7 18. g4 c5 19. Nf5 Bxf5 20. gxf5 Kh7
21. Rb1 b6 22. Bf3 Rad8 23. Rb3 Ne5 24. Be2 Rfe8 25. Bf4 Nxc4 26. Rgg3 Nh5 27.
Rg4 Nxf4 28. Rxf4 Ne3 29. c3 Nc2+ 30. Kf1 Ne3+ 31. Ke1 {necitelny zapis} 0-1

[Event "MCR mladeze 2014, D14"]
[Site "Kouty nad Desnou"]
[Date "2014.03.08"]
[Round "1"]
[White "Vavrinkova, Eliska"]
[Black "Dolezalova, Josefina"]
[Result "1-0"]
[WhiteElo "1488"]
[BlackElo "1100"]
[PlyCount "33"]
[EventDate "2014.03.08"]

1. d4 d5 2. Nf3 Nc6 3. c4 dxc4 4. e3 e6 5. Bxc4 Nf6 6. Nc3 Bb4 7. O-O O-O 8.
Qc2 Bd6 9. e4 Nb4 10. Qb3 Be7 11. e5 Bd7 12. exf6 gxf6 13. Bh6 Re8 14. Qd1 Bd6
15. Nd2 f5 16. f4 Qe7 17. Qh5 1-0

[Event "MCR mladeze 2014, D14"]
[Site "Kouty nad Desnou"]
[Date "2014.03.08"]
[Round "1"]
[White "Hunova, Zuzana"]
[Black "Ambrozova, Lucie"]
[Result "0-1"]
[WhiteElo "1085"]
[BlackElo "1480"]
[PlyCount "51"]
[EventDate "2014.03.08"]

1. e4 c5 2. Nc3 Nc6 3. Nf3 g6 4. Bb5 Bg7 5. Ng5 e6 6. Qf3 Qxg5 7. O-O Nf6 8. d3
Qh5 9. Qxh5 Nxh5 10. Bxc6 bxc6 11. g4 Nf6 12. f3 d5 13. e5 Nd7 14. Be3 d4 15.
Bxd4 cxd4 16. Ne2 Bxe5 17. c3 dxc3 18. Nxc3 Ba6 19. Rfd1 Rb8 20. f4 Bd4+ 21.
Kg2 Rxb2+ 22. Kh1 Bxc3 23. Rdc1 Bd2 24. Rxc6 Bb7 25. h4 Bxc6+ 26. Kg1 0-1

[Event "MCR mladeze 2014, D14"]
[Site "Kouty nad Desnou"]
[Date "2014.03.09"]
[Round "2"]
[White "Nemcova, Kamila"]
[Black "Tumova, Anna"]
[Result "1-0"]
[WhiteElo "1659"]
[BlackElo "1496"]
[PlyCount "63"]
[EventDate "2014.??.??"]

1. e4 e6 2. d4 d5 3. Nc3 Bb4 4. e5 c5 5. a3 Bxc3+ 6. bxc3 c4 7. Qg4 g6 8. Nf3
Nc6 9. Be2 Qc7 10. Qg5 h6 11. Qh4 b6 12. a4 Bb7 13. Ba3 Nge7 14. Qf6 Rg8 15. h4
Nf5 16. g4 Ng7 17. Nh2 Qd8 18. Bc1 g5 19. hxg5 h5 20. gxh5 Qxf6 21. gxf6 Nf5
22. Ng4 Rh8 23. Bf4 O-O-O 24. Kd2 Nb8 25. Rag1 Nd7 26. Ne3 Nxe3 27. Bxe3 Rdg8
28. Rg7 Rf8 29. h6 Bc6 30. Ra1 Nb8 31. Bh5 Be8 32. Rag1 1-0

[Event "MCR mladeze 2014, D14"]
[Site "Kouty nad Desnou"]
[Date "2014.03.09"]
[Round "2"]
[White "Vitova, Anna"]
[Black "Zlamana, Anna"]
[Result "0-1"]
[WhiteElo "1575"]
[BlackElo "1489"]
[PlyCount "104"]
[EventDate "2014.??.??"]

1. e4 e5 2. Nf3 Nc6 3. d4 exd4 4. c3 d5 5. exd5 Qxd5 6. Nxd4 Nxd4 7. cxd4 Bf5
8. Be3 O-O-O 9. Nc3 Bb4 10. a3 Bxc3+ 11. bxc3 Qa5 12. Qd2 Nf6 13. f3 Nd5 14. c4
Qxd2+ 15. Bxd2 Rhe8+ 16. Kf2 Nb6 17. Be3 Re7 18. d5 Nd7 19. c5 Nf6 20. d6 Red7
21. g4 Be6 22. c6 Rxd6 23. cxb7+ Kxb7 24. Bf4 Rb6 25. Rc1 Nd5 26. Be5 f6 27.
Bd4 Rbd6 28. Rb1+ Nb6 29. Be3 Rc6 30. a4 a5 31. Rb5 Rd5 32. Bxb6 Rxb5 33. Bxb5
Rxb6 34. Re1 Rd6 35. Rb1 Ka7 36. Rc1 Kb8 37. Kg3 Kc8 38. Rc5 Rd5 39. Rc3 Bd7
40. Ba6+ Kd8 41. Rc4 Rd2 42. Bb7 Ra2 43. Be4 Rxa4 44. Rxa4 Bxa4 45. Bxh7 Bb3
46. Kf2 a4 47. Bb1 a3 48. Kg3 a2 49. Bxa2 Bxa2 50. Kh4 g5+ 51. Kh5 c5 52. f4
gxf4 0-1

[Event "MCR mladeze 2014, D14"]
[Site "Kouty nad Desnou"]
[Date "2014.03.09"]
[Round "2"]
[White "Ambrozova, Lucie"]
[Black "Brunova, Blanka"]
[Result "0-1"]
[WhiteElo "1480"]
[BlackElo "1568"]
[PlyCount "80"]
[EventDate "2014.??.??"]

1. e4 c5 2. Nf3 Nc6 3. d4 cxd4 4. Nxd4 Nf6 5. Nc3 e6 6. Nxc6 bxc6 7. e5 Nd5 8.
Ne4 Qc7 9. Nd6+ Bxd6 10. exd6 Qxd6 11. c4 Qe5+ 12. Be2 Nf4 13. Bxf4 Qxf4 14.
O-O d5 15. cxd5 exd5 16. Qc2 Qd6 17. Rac1 Bd7 18. Bd3 Rc8 19. Rfe1+ Be6 20. a3
h6 21. Qa4 Rc7 22. Rxc6 Rxc6 23. Bb5 Kd7 24. Qxa7+ Kd8 25. Bxc6 Qxc6 26. Qb8+
Bc8 27. b4 Re8 28. Rxe8+ Qxe8 29. Qd6+ Bd7 30. Qb6+ Ke7 31. Qc5+ Kf6 32. Qd6+
Qe6 33. Qf4+ Kg6 34. h4 Qf6 35. Qg3+ Kh5 36. Qd3 Qa1+ 37. Kh2 Qe5+ 38. g3 Qe4
39. Qd1+ Bg4 40. Qc1 d4 0-1

[Event "MCR mladeze 2014, D14"]
[Site "Kouty nad Desnou"]
[Date "2014.03.09"]
[Round "2"]
[White "Volaninova, Sarka"]
[Black "Vavrinkova, Eliska"]
[Result "1/2-1/2"]
[WhiteElo "1556"]
[BlackElo "1488"]
[PlyCount "89"]
[EventDate "2014.??.??"]

1. e4 d5 2. exd5 Qxd5 3. Nc3 Qd6 4. Nf3 c6 5. d4 Bg4 6. Be3 Nf6 7. g3 e6 8. Bg2
Qc7 9. O-O Nbd7 10. Qd2 Bd6 11. Rfe1 O-O 12. Ne2 Nb6 13. Bf4 Bxf4 14. Qxf4 Qxf4
15. Nxf4 Nfd5 16. Nxd5 Nxd5 17. c4 Nb4 18. Red1 Rfd8 19. Rd2 Rd7 20. Ne5 Rxd4
21. Rxd4 Nc2 22. Nxg4 Nxd4 23. Rd1 Rd8 24. Ne3 f5 25. f4 Kf7 26. Kf2 Kf6 27.
Nc2 e5 28. fxe5+ Kxe5 29. Nxd4 Rxd4 30. Rxd4 Kxd4 31. Bf1 b6 32. Kf3 g5 33. h4
h6 34. Be2 c5 35. a3 Ke5 36. Ke3 Ke6 37. hxg5 hxg5 38. g4 Ke5 39. Bf3 Ke6 40.
b4 cxb4 41. axb4 a5 42. c5 axb4 43. cxb6 fxg4 44. Bxg4+ Kd6 45. Kd3 1/2-1/2

[Event "MCR mladeze 2014, D14"]
[Site "Kouty nad Desnou"]
[Date "2014.03.09"]
[Round "2"]
[White "Koucha, Maryam Amina"]
[Black "Bierska, Adela"]
[Result "0-1"]
[WhiteElo "1527"]
[BlackElo "1472"]
[PlyCount "66"]
[EventDate "2014.??.??"]

1. e4 e5 2. Nf3 Nc6 3. Bc4 Bc5 4. c3 Qe7 5. O-O d6 6. d4 Bb6 7. Bg5 Nf6 8. h3
O-O 9. Re1 a6 10. Na3 Bd7 11. Nc2 Na5 12. Bd3 c5 13. Ne3 cxd4 14. cxd4 exd4 15.
Nd5 Qd8 16. Nxf6+ gxf6 17. Bh6 Re8 18. Nh4 Nc6 19. Qf3 Kh8 20. Nf5 Rg8 21. Nxd6
Qe7 22. e5 Nxe5 23. Rxe5 Qxd6 24. Rh5 Bc6 25. Bf4 Rg7 26. Be4 Bxe4 27. Qxe4 Qc6
28. Qd5 Rd8 29. Qxc6 bxc6 30. Rf5 Rdg8 31. Bg3 d3 32. Rd1 Rxg3 33. Kh1 Rxg2 0-1

[Event "MCR mladeze 2014, D14"]
[Site "Kouty nad Desnou"]
[Date "2014.03.09"]
[Round "2"]
[White "Kopcova, Ludmila"]
[Black "Masakova, Petra"]
[Result "1-0"]
[WhiteElo "1618"]
[BlackElo "1553"]
[PlyCount "123"]
[EventDate "2014.03.08"]

1. e4 c5 2. Nf3 d6 3. Bb5+ Bd7 4. Bxd7+ Qxd7 5. O-O Nf6 6. Qe2 Nc6 7. c3 g6 8.
d4 cxd4 9. cxd4 Bg7 10. Rd1 Qc7 11. Nc3 O-O 12. h3 Rac8 13. Be3 a6 14. Rac1 Qb8
15. Nd2 b5 16. Qd3 Nd7 17. b3 Qb7 18. Ne2 Rc7 19. d5 Nb4 20. Qb1 a5 21. Bd4
Rfc8 22. a3 Na6 23. Bxg7 Kxg7 24. Qb2+ Kg8 25. Nd4 Ne5 26. Rxc7 Rxc7 27. N2f3
Nxf3+ 28. Nxf3 Nc5 29. Qb1 Nd7 30. Nd4 Ne5 31. Rc1 Rc5 32. f4 Nd3 33. Rf1 Rc3
34. Ne2 Qc7 35. Nxc3 Qxc3 36. Rf3 Qd4+ 37. Kh1 Nc5 38. Qe1 Nxe4 39. Qe3 Qxd5
40. Qd3 Qc6 41. Re3 d5 42. Rf3 e6 43. Qd4 Qd6 44. b4 a4 45. Rf1 Qc7 46. Qe3 Qd6
47. Rc1 Qb8 48. g3 Qb7 49. Qe2 Nd6 50. Qe5 Qb6 51. Rc5 Qd8 52. Qc3 Nc4 53. Rxb5
h5 54. Rc5 Qf8 55. Qd4 Qb8 56. Qc3 Qf8 57. Rc6 Qb8 58. b5 Qb7 59. Qb4 Nb6 60.
Qa5 Nd7 61. Qa6 Qxa6 62. bxa6 1-0

[Event "MCR mladeze 2014, D14"]
[Site "Kouty nad Desnou"]
[Date "2014.03.09"]
[Round "2"]
[White "Kalinova, Eliska"]
[Black "Koci, Tereza"]
[Result "0-1"]
[WhiteElo "1312"]
[BlackElo "1473"]
[PlyCount "80"]
[EventDate "2014.03.08"]

1. d4 f5 2. c4 g6 3. Nc3 c6 4. e3 Nf6 5. Bd3 Bg7 6. Nf3 O-O 7. Bd2 d6 8. O-O
Qe8 9. b4 e5 10. Bc2 e4 11. Ne1 Be6 12. Bb3 Na6 13. Nc2 g5 14. d5 cxd5 15. cxd5
Bf7 16. a3 Nc7 17. Nd4 Qe5 18. f4 gxf4 19. Rxf4 Bh5 20. Qe1 Nfxd5 21. Nxd5 Nxd5
22. Bxd5+ Qxd5 23. Qg3 Bg6 24. Bc3 Rf7 25. Raf1 Raf8 26. Qe1 Be5 27. R4f2 f4
28. Nc2 Bxc3 29. Qxc3 fxe3 30. Rxf7 Rxf7 31. Qc8+ Kg7 32. Qc3+ Qe5 33. Qxe3
Rxf1+ 34. Kxf1 a6 35. Kg1 Qb5 36. Nd4 Qd3 37. Qf2 Qd1+ 38. Qf1 Qxd4+ 39. Kh1 e3
40. h3 Qd2 0-1

[Event "MCR mladeze 2014, D14"]
[Site "Kouty nad Desnou"]
[Date "2014.03.09"]
[Round "2"]
[White "Kratochvilova, Kristyna"]
[Black "Vlkova, Anezka"]
[Result "0-1"]
[WhiteElo "1461"]
[BlackElo "1440"]
[PlyCount "121"]
[EventDate "2014.03.08"]

1. e4 e5 2. Nf3 Nf6 3. Nxe5 d6 4. Nf3 Nxe4 5. Qe2 Qe7 6. Nc3
Nxc3 7. dxc3 Be6 8. Bf4 Nc6 9. O-O-O O-O-O 10. g3 h6 11. Bg2 g5 12. Be3 Bg7 13.
Nd4 Ne5 14. f4 Bc4 15. Qf2 Ng4 16. Qf3 Qxe3+ 17. Qxe3 Nxe3 18. Bh3+ g4 19. Rde1
Rde8 20. Rxe3 Rxe3 21. Bxg4+ Kb8 22. Nf5 Ree8 23. Nxg7 Reg8 24. Nf5 Rxg4 25.
Ne3 Be2 26. Re1 Bf3 27. Rf1 Rg6 28. Rxf3 Re6 29. Nf5 Rhe8 30. h4 Re1+ 31. Kd2
Ra1 32. Nxh6 Ree1 33. c4 Red1+ 34. Kc3 Rxa2 35. Nxf7 Rb1 36. b3 Rc1 37. Rf2 Rg1
38. Rf3 Rg2 39. Re3 Raxc2+ 40. Kb4 c5+ 41. Kb5 Rce2 42. Rd3 Rd2 43. Rxd6 Rxd6
44. Nxd6 Rxg3 45. f5 Kc7 46. Kxc5 b6+ 47. Kd5 Rd3+ 48. Ke5 Rxd6 49. f6 Rd8 50.
Ke6 Rd6+ 51. Ke7 Rd4 52. f7 Rxh4 53. f8=Q Re4+ 54. Kf7 Rf4+ 55. Ke7 Rxf8 56.
Kxf8 Kc6 57. Ke7 Kc5 58. Ke6 Kb4 59. Kd5 Kxb3 60. c5 bxc5 61. Kxc5 0-1

[Event "MCR mladeze 2014, D14"]
[Site "Kouty nad Desnou"]
[Date "2014.03.09"]
[Round "2"]
[White "Korenova, Magdalena"]
[Black "Dancakova, Klara"]
[Result "1/2-1/2"]
[WhiteElo "1400"]
[BlackElo "1209"]
[PlyCount "67"]
[EventDate "2014.03.08"]

1. e4 e6 2. d4 d5 3. exd5 exd5 4. Nf3 c5 5. Bb5+ Nc6 6. Ne5 Bd7 7. Nxd7 Qxd7 8.
O-O Nf6 9. Re1+ Be7 10. c3 O-O 11. Bxc6 bxc6 12. Bg5 Rfe8 13. Nd2 Qf5 14. Re5
Qd7 15. Nf3 h6 16. Bh4 c4 17. Qd2 Ne4 18. Qe2 Bd6 19. Rxe8+ Rxe8 20. Re1 Bf4
21. Bg3 Bxg3 22. fxg3 Nf6 23. Ne5 Qd6 24. Qf1 c5 25. Qf2 cxd4 26. cxd4 Re7 27.
Re2 Ne4 28. Qf4 Qf6 29. Qxf6 gxf6 30. Ng4 Kg7 31. Nf2 f5 32. g4 Kg6 33. Nh3
fxg4 34. Nf4+ {Partie pokracovala po nemoznem tahu.} 1/2-1/2

[Event "MCR mladeze 2014, D14"]
[Site "Kouty nad Desnou"]
[Date "2014.03.09"]
[Round "2"]
[White "Dolezalova, Josefina"]
[Black "Vrbova, Eva"]
[Result "0-1"]
[WhiteElo "1100"]
[BlackElo "1357"]
[PlyCount "74"]
[EventDate "2014.03.08"]

1. e4 e5 2. Nf3 Nc6 3. Bc4 Bc5 4. d3 h6 5. c3 d6 6. O-O Nf6 7. d4 exd4 8. cxd4
Bb6 9. d5 Ne5 10. Nxe5 dxe5 11. Bb5+ Bd7 12. Bc4 O-O 13. Nc3 Bg4 14. Qd3 Qe7
15. h3 Bh5 16. b3 Rad8 17. Nb5 a6 18. Ba3 Bc5 19. d6 cxd6 20. b4 axb5 21. Bb3
Bd4 22. Rac1 Qd7 23. Rc2 Bg6 24. Rcc1 Bxe4 25. Qg3 Bd5 26. Bxd5 Nxd5 27. Rfe1
Nf4 28. Rc2 Qf5 29. Rec1 Qd3 30. Qh4 Qxa3 31. Rc7 Ne2+ 32. Kh2 Nxc1 33. Qe7 Ra8
34. Qxd6 Nxa2 35. Rxb7 Qxb4 36. Qd5 Qc5 37. Qxa2 Rxa2 0-1

[Event "MCR mladeze 2014, D14"]
[Site "Kouty nad Desnou"]
[Date "2014.03.09"]
[Round "2"]
[White "Hunova, Zuzana"]
[Black "Kralova, Josefina"]
[Result "0-1"]
[WhiteElo "1085"]
[BlackElo "1551"]
[PlyCount "40"]
[EventDate "2014.03.08"]

1. e4 c5 2. Nc3 e6 3. Nf3 a6 4. Bc4 b5 5. Bd3 Bb7 6. b3 Qc7 7. Bb2 Nf6 8. Qe2
Be7 9. e5 Nd5 10. Nxd5 Bxd5 11. Be4 Bxe4 12. Qxe4 Nc6 13. O-O-O O-O 14. Rde1 a5
15. c3 a4 16. bxa4 Rxa4 17. Qe2 Rxa2 18. Qxb5 Rb8 19. Qd3 Rbxb2 20. c4 Qb7 0-1

[Event "MCR mladeze 2014, D14"]
[Site "Kouty nad Desnou"]
[Date "2014.03.10"]
[Round "3"]
[White "Zlamana, Anna"]
[Black "Nemcova, Kamila"]
[Result "0-1"]
[WhiteElo "1489"]
[BlackElo "1659"]
[PlyCount "132"]
[EventDate "2014.??.??"]

1. e4 d5 2. exd5 Qxd5 3. Nc3 Qa5 4. d4 c6 5. Nf3 Nf6 6. Bd2 Qc7 7. Bc4 Bf5 8.
Ne5 e6 9. g4 Be4 10. f3 Bd5 11. Bxd5 Nxd5 12. Qe2 Nd7 13. O-O-O Bd6 14. Rhe1
N7b6 15. f4 Nxc3 16. Bxc3 O-O-O 17. Ba5 Qe7 18. Bxb6 axb6 19. Qe3 Bc7 20. Qf2
Qf6 21. h4 h6 22. f5 g6 23. Rd3 exf5 24. Rf3 Rhe8 25. gxf5 Bxe5 26. dxe5 Rxe5
27. Rxe5 Qxe5 28. fxg6 fxg6 29. Rb3 Qd4 30. Qe1 Qf4+ 31. Re3 Re8 32. Kd2 Qd4+
33. Rd3 Rxe1 34. Rxd4 Rh1 35. Rg4 h5 36. Rxg6 Rxh4 37. Rg8+ Kc7 38. Rg7+ Kb8
39. Rg8+ Ka7 40. Rh8 Rh2+ 41. Kc3 h4 42. a4 b5 43. a5 b6 44. axb6+ Kxb6 45. Rh6
h3 46. b4 Rh1 47. Rh5 Ra1 48. Rh6 Ra3+ 49. Kb2 Rg3 50. Rh5 Kc7 51. Rh6 Kd7 52.
Rh4 Ke7 53. Rh6 Kd7 54. Rf6 h2 55. Rh6 Rg2 56. Kc3 Ke7 57. Kd3 Kf7 58. Rh4 Kg6
59. c3 Kg5 60. Rh8 Kf4 61. Rf8+ Kg3 62. Ke3 h1=Q 63. Rg8+ Kh2 64. Rh8+ Kg1 65.
Rxh1+ Kxh1 66. Kd4 Rg5 0-1